000 00549nam a2200169Ia 4500
005 20260601193252.0
008 260601s9999||||xx |||||||||||||| ||und||
020 _a978-3-031-61794-2
_qebk
100 _aAntti Laaksonen
245 0 _aGuide to Competitive Programming
250 _aThird Edition 2024
260 _aHeidelberg, Germany
_bSpringer Nature
_c2024
440 _aUndergraduate Topics in Computer Science
650 _aComputer Science
856 _uhttps://link.springer.com/openurl?genre=book&isbn=978-3-031-61794-2
942 _cEB
_2ddc
999 _c56757
_d56757